| 000 | 01246nam a2200313Ia 4500 | ||
|---|---|---|---|
| 001 | ebr10114132 | ||
| 003 | CaPaEBR | ||
| 006 | m u | ||
| 007 | cr cn||||||||| | ||
| 008 | 031215s2004 njua sb 001 0 eng d | ||
| 010 | _z 2003027397 | ||
| 020 | _z047141090X (pbk. : acid-free paper) | ||
| 040 |
_aCaPaEBR _cCaPaEBR |
||
| 035 | _a(OCoLC)80242167 | ||
| 050 | 1 | 4 |
_aQP171 _b.F86 2004eb |
| 245 | 0 | 0 |
_aFunctional metabolism _h[electronic resource] : _bregulation and adaptation / _cedited by Kenneth B. Storey. |
| 260 |
_aHoboken, N.J. : _bJohn Wiley & Sons, _cc2004. |
||
| 300 |
_axvii, 594 p. : _bill. |
||
| 504 | _aIncludes bibliographical references and index. | ||
| 533 |
_aElectronic reproduction. _bPalo Alto, Calif. : _cebrary, _d2009. _nAvailable via World Wide Web. _nAccess may be limited to ebrary affiliated libraries. |
||
| 650 | 0 |
_aMetabolism _xRegulation. |
|
| 650 | 0 | _aHomeostasis. | |
| 650 | 0 | _aAdaptation (Physiology) | |
| 650 | 0 | _aCellular signal transduction. | |
| 655 | 7 |
_aElectronic books. _2local |
|
| 700 | 1 |
_aStorey, K. B. _q(Kenneth B.) |
|
| 710 | 2 | _aebrary, Inc. | |
| 856 | 4 | 0 |
_uhttp://site.ebrary.com/lib/rucke/Doc?id=10114132 _zAn electronic book accessible through the World Wide Web; click to view |
| 999 |
_c209829 _d209829 |
||